000 00416nam a2200181Ia 4500
001 3420
005 20260306145642.0
008 260306t1986||||xx |||||||||||||| ||spa||
041 _aESP
082 _a276
_bB17
100 _aBalthasar, Hans-Urs von
_eAUT
245 0 _aL heure de l église
260 _c1986
300 _a124 páginas :
_c21 cm.
650 _aGEN
654 _aCHU
942 _cLIB
_dJUS
_fJUS
_2ddc
_n
999 _c3420
_d3420